000 00739nam a22001577a 4500
020 _a978-0-144-00101-9
082 _a823
_bMUR/O
100 _aMURTY, SUDHA
245 _aTHE OLD MAN AND HIS GOD :DISCOVERING THE SPIRIT OF INDIA
246 _aTHE OLD MAN AND HIS GOD :DISCOVERING THE SPIRIT OF INDIA
_bTHE OLD MAN AND HIS GOD :DISCOVERING THE SPIRIT OF INDIA
260 _aINDIA
_bPENGUIN
_c2023
300 _a131
520 _an “The Old Man and His God,” faith emerges as a central theme, explored in its various forms and interpretations. Murthy delves into the complexities of religious beliefs, showcasing the harmonious coexistence of diverse faiths within the fabric of Indian society
650 _aENGLISH FICTION
942 _cBK
999 _c8994
_d8994